• 首页
  • 本馆介绍
  • 公告通知
  • 最新文献
  • 馆藏检索
  • 电子资源
  • 读者导购
  • 参考咨询
  • 我的图书馆
  • 登录
  • 详细信息显示
  • 放入我的书架
  • 预约/预借图书
  • 作者相关作品
  • 分类相关作品
  • 丛书相关作品
  • 出版社相关作品

书目信息

  • 表格格式
  • 工作单格式
  • 卡片格式
题名:
长江上游环境特征与防护林体系建设
    
 
作者: 钟祥浩
分册:  
出版信息: 北京   科学出版社  1992
页数: 240页
开本: 28cm
丛书名:
单 册:
中图分类: X173
科图分类:
主题词: 环境生物学
电子资源:
ISBN: 7-03-002788-4/X.17
000 00649nam0 2200193 450
001 0736196517
005 20070924100316.51
010    @a7-03-002788-4/X.17@d¥15.30
100    @a20070924d km y0chiy0120 ea
101 0  @achi
200 1  @a长江上游环境特征与防护林体系建设@Achang jiang shang you huan jing te zheng yu fang hu lin ti xi jian she@e川江流域部分@f钟祥浩等@Fzhong xiang hao deng
210    @a北京@c科学出版社@d1992
215    @a240页@d28cm
517 1  @a川江流域部分@Achuan jiang liu yu bu fen
606 0  @a环境生物学
690    @aX173@v3
701  0 @a钟祥浩@Azhong xiang hao
801  0 @aCN@bPFT@c20070924
905    @a213230@dX173@eZY23@f1
    
    长江上游环境特征与防护林体系建设:川江流域部分/钟祥浩等.-北京:科学出版社,1992
    240页;28cm
    
    
    ISBN 7-03-002788-4/X.17:¥15.30
    
●
相关链接 在E读中查询图书 在五车中查询图书 在当当中查询图书 在豆瓣中查询图书


正题名:长江上游环境特征与防护林体系建设     索取号:X173/ZY23         预约/预借

序号 登录号 条形码 馆藏地/架位号 状态 备注
1 7900684   279006843   密集书库-资源管理系/ [索取号:X173/ZY23] 在馆    
唐山师范学院图书馆 欢迎您!
大连网信软件有限公司© 版权所有